| 000 | 00867nam a22002417a 4500 | ||
|---|---|---|---|
| 999 |
_c99957 _d99957 |
||
| 005 | 20230705160712.0 | ||
| 010 | _a1718EN-30 ENG-137295 ENG-115101 | ||
| 020 |
_a9789385965890 _c745.00 |
||
| 020 |
_a9385965891 _c745.00 |
||
| 035 | _aEN-98633 EN-120827 | ||
| 035 | _aB-683850-876 | ||
| 037 |
_bBSB _adpl |
||
| 037 | _bDBAD/PUB | ||
| 082 | _a320 | ||
| 100 | _aArora, N.D. | ||
| 245 |
_aPolitical science for Civil Services Main examination / _cby N.D. Arora |
||
| 250 | _a2nd ed | ||
| 260 |
_aNew Delhi _bMcGraw Hill Education _c2016 |
||
| 270 |
_aP-24,Green Park Extension _bNew Delhi _e110016 |
||
| 300 |
_avarious pegings _c24cm(pbk) |
||
| 942 |
_2ddc _cEN _mARO _h320 |
||